Πορνεία και διεθνική σωματεμπορία στη σύγχρονη Ελλάδα

Saved in:
Bibliographic Details
Main Author: Λάζος, Γρηγόρης-Παρασκευάς, 1954-
Format: Book
Language:Greek
Published: Αθήνα : Καστανιώτης, c2001.
Series:Δοκίμια (Καστανιώτης)
Subjects:
Tags: Add Tag
No Tags, Be the first to tag this record!

MARC

LEADER 00000nam a2200000 a 4500
001 1/116510
008 180515s2001####gr | ||| |||| ||gre||
020 |a 9789600306026 
040 |a GR-MyUa  |b gre  |c GR-MyUa  |e AACR2 
041 0 |a gre 
082 7 |a 306.74209495   |2 (23) 
100 1 |a Λάζος, Γρηγόρης-Παρασκευάς,   |d 1954- 
245 1 0 |a Πορνεία και διεθνική σωματεμπορία στη σύγχρονη Ελλάδα /   |c Γρηγόρης Λάζος.  
260 |a Αθήνα :   |b Καστανιώτης,   |c c2001.  
300 |a 606 σ. :   |b διάγρ., πίν. ;   |c 21 εκ.  
490 1 |a (Δοκίμια / Καστανιώτης)  
500 |a Περιέχει υποσημειώσεις.  
504 |a Βιβλιογραφία: σ. [601]-606.  
504 |a Περιλαμβάνει βιβλιογραφικές παραπομπές.  
650 0 |a Prostitution  |z Greece. 
650 0 |a Women  |x Crimes against  |z Greece. 
650 0 |a Human trafficking. 
650 0 |a Women immigrants  |x Abuse of  |z Greece. 
830 0 |a Δοκίμια (Καστανιώτης) 
852 |a INST  |b RHODES  |c EUDOXUS  |e 20180515  |h 306.74209495 ΛΑΖ  |p 005400040018  |q 005400040018  |t EDX  |y 0 
920 |a Εύδοξος  |b Παραγγελία  |y Ρόδος-ΤΜΣ  |z 2018-04 
970 |z 15-05-2018